|
|
|
|
| LEADER |
00000nam0a2200000 4500 |
| 001 |
366710 |
| 005 |
20231102011917.0 |
| 035 |
|
|
|a (RuTPU)RU\TPU\retro\24073
|
| 090 |
|
|
|a 366710
|
| 100 |
|
|
|a 20220216d1979 km y0rusy50 ca
|
| 101 |
0 |
|
|a rus
|
| 102 |
|
|
|a RU
|
| 105 |
|
|
|a y z 001zy
|
| 200 |
1 |
|
|a Эстетические взгляды общества и художественная культура
|f Л. И. Кунчева
|g Академия наук СССР, Институт философии
|
| 210 |
|
|
|a Москва
|c Наука
|d 1979
|
| 215 |
|
|
|a 248 с.
|c ил.
|
| 320 |
|
|
|a Библиография в ссылках
|
| 606 |
1 |
|
|a Эстетика
|2 stltpush
|3 (RuTPU)RU\TPU\subj\21426
|9 46424
|
| 610 |
1 |
|
|a эстетические взгляды
|
| 610 |
1 |
|
|a художественная культура
|
| 610 |
1 |
|
|a общество
|
| 610 |
1 |
|
|a происхождение
|
| 610 |
1 |
|
|a развитие
|
| 610 |
1 |
|
|a нравственные основы
|
| 610 |
1 |
|
|a эстетический вкус
|
| 675 |
|
|
|a 7.01
|v 4
|
| 700 |
|
1 |
|a Кунчева
|b Л. И.
|g Людмила Ивановна
|
| 712 |
0 |
2 |
|a Академия наук СССР
|b Институт философии
|c (Москва)
|c (1936-1991)
|2 stltpush
|3 (RuTPU)RU\TPU\col\11338
|9 25043
|
| 801 |
|
1 |
|a RU
|b 63413507
|c 20220216
|
| 942 |
|
|
|c BK
|